000 00506cam a2200181 4500
001 D11119
008 090401t1984 xxu||||| |||| 00| 0 eng d
035 _a(Sirsi) u97365
041 _aeng
050 _a347.4109
100 _aMildred, R.H.
245 4 _aThe law of arbitrations
260 _c1984
350 _a0
520 _aIn RICS Building Surveyors` Division. Building surveyors` weekend briefing University of Warwick. 30 March - 1 April 1984. 1984/9 AB
942 _n0
948 _c04/03/1997
999 _c98865
_d98865